瀬戸内しまなみ海道クイズ - Statistics

General Stats
  • This quiz has been taken 17 times
  • The average score is 5 of 15
Answer Stats
問題 回答 % Correct
高速道路としての名称、E76を表す 西瀬戸自動車道
88%
今治と大島の間にある3つの橋の総称 来島海峡大橋
82%
県境のある橋の名称 多々羅大橋
59%
因島南部最大の町、旧因島市役所所在地 土生
47%
今治インターで接続予定の道路 今治小松自動車道
47%
これらの島々の総称 芸予諸島
41%
向島大橋で向島と繋がっている島 岩子島
24%
大島にある道の駅 よしうみいきいき館
24%
今治方面のみにあるパーキングエリア 上浦
18%
岩城橋、生名橋、弓削大橋の総称"上島架橋"の愛称 ゆめしま海道
18%
生口島道路と大島道路の開通年 2006
18%
上弓削にある上島町立の海水温浴施設 潮湯
12%
架橋運動のきっかけとなった1945/11/6に伯方島木浦港沖でおきた事故 第十東予丸沈没事故
12%
最長のトンネル 宮窪トンネル
12%
2026/3/31までの橋の自転車の走行無料化の減益を補填する機関 しまなみ海道自転車道利用促進協議会
6%
No matching quizzes found
Score Distribution
Percent of People with Each Score
Percentile by Number Answered
Your Score History
You have not taken this quiz